| 000 | 00465nam a22001577a 4500 | ||
|---|---|---|---|
| 020 |
_a9788185288147 _c175.00 |
||
| 035 | _aB-529813 | ||
| 037 | _bR.P.Patel Nagar / UBH -192-28.02.14 | ||
| 082 | _a495.6 | ||
| 100 | _aLewis,Norman | ||
| 245 |
_aInstant word power _cby Norman Lewis |
||
| 260 |
_aDelhi _bGoyal Publishers & Distributors _c1982 |
||
| 270 | _a86 UB Jawahar Nagar Delhi | ||
| 300 |
_a310p _c20cm(pbk) |
||
| 942 |
_2ddc _cEN _h495.6 _mLEW |
||
| 999 |
_c82955 _d82955 |
||